| 000 | 00427nam a22001337a 4500 | ||
|---|---|---|---|
| 082 |
_a358.2 _bWOR _cDonated |
||
| 100 |
_aChatham R.e. Institute _938254 |
||
| 245 |
_aWork OF THE ROYAL ENGINEERS IN THE EUROPEAN WAR, 1914-19 _bSupply and Engineer Stores and Equipment |
||
| 260 |
_aCHATHAM _bW & J MACKAY & CO. LIMITED |
||
| 300 | _a109.p: | ||
| 526 |
_a0 _b0 _c0 _d358_200000000000000_WOR |
||
| 650 |
_aMCE _9379 |
||
| 942 |
_2ddc _cBK |
||
| 999 |
_c542896 _d542896 |
||